| 000 | 00489nam a2200181 i 4500 | ||
|---|---|---|---|
| 001 | bgj | ||
| 100 | 1 |
_aMACLEAN, Alistair _d(1922- ). |
|
| 245 | 1 | 0 |
_aThe Golden Rendezvous / _cAlistair MacLean. |
| 260 |
_aNew York : _bFawcett Crest, _cc. 1962. |
||
| 300 |
_a270 pp ; _c18 cm. |
||
| 650 | 9 |
_aAmerican fiction _y20th century |
|
| 020 | _a0449236242 (pbk) | ||
| 040 | _cBPK | ||
| 041 | 0 | _aeng | |
| 920 | _a0-449-23624-2 (pbk) | ||
| 942 | _cKS | ||
| 008 | s uk f |000 0 eng | ||
| 999 |
_c48055 _d48055 |
||
| 856 |
_uhttp://koha.tu.koszalin.pl/cgi-bin/koha/opac-detail.pl?biblionumber=48055 _yKatalog online BPK |
||